Регионална библиотека "Любен Каравелов" - Русе

Пет континента (Запис номер 163257)

MARC детайли
000 -Лидер
Контролно поле с фиксирана дължина nam a22 a 4500
003 - Код на организацията, давaща контролен номер
Контролно поле BLK
005 - Дата и час на последна редакция
Контролно поле 20220616154814.0
008 - Елементи от данни с фиксирана дължина
fixed length control field 180410b bul|||||r ||||||| ||bul||
010 ## - Наследен системен номер
LC control number KNG00170662000
040 ## - Източник на каталожния запис
Идентификатор на билиотеката - собственик на записа BLK
041 ## - Код за език
Код за езика на текст/звукозапис или на отделно заглавие Български
Код за езика КДБФ Български
080 ## - УДК
Текстов определител УДК Флора. География на растенията (фитогеография). Подразделя се с общите определители на място (Табл. Іe). Вж и 581.5
УДК код - определител по УДК 581.9
УДК - код + определител 581.9
100 1# - Редна дума - Автор
Автор Вавилов, Николай Иванович
Авторска отговорност първи автор
R(LIN) 381935
139 ## - Редно поле
Редна дума Вавилов, Николай Иванович
Авторски знак Ва - В 12
245 10 - Сведения за заглавието
Заглавие Пет континента
Редно поле (дума) Николай Иванович Вавилов; прев. от рус. Кира Г. Андрейчина.
257 ## - Страна на издаване
Страна на създаване/издаване СССР
260 ## - Област на издателските данни
Име на издателя, разпространителя и проч. Земиздат
Година на издаване 1968
Място на издаване, разпространение и проч. София
300 ## - Физическа характеристика
Страници 256 с., 16 л.
Илюстрации и др. ил.
Размери/Мащаб 22 см
380 ## - Жанр
Жанр Естествени науки. Математика
490 ## - СЕРИИ (Колекции)
Име на серия Из света на растенията
9 (RLIN) 203638
650 #4 - Допълнително описание по предмет – тема
Основно описание – тема или топоним Флора
9 (RLIN) 175889
653 ## - Ключова дума – ненормативна
Ключова дума флора
653 ## - Ключова дума – ненормативна
Ключова дума растения
653 ## - Ключова дума – ненормативна
Ключова дума ботаника
700 1# - Други автори (авторска отговорност)
Лично име Андрейчина, Кира Г.
Автороска отговорност (Описва отношението между автора и произведението) прев. от рус.
9 (RLIN) 335909
852 ## - Местоположение
Форматна сигнатура Цб 47094
856 4# - Електронен адрес и достъп
Електронен формат pdf - файл
856 4# - Електронен адрес и достъп
Електронен формат pdf - файл
999 ## - СИСТЕМНИ КОНТРОЛНИ НОМЕРА
Koha biblionumber 163257
Koha biblioitemnumber 163257
942 ## - АРТИКУЛИ
Вид на библиотечния материал Книги
Скрит в OPAC Не
Периодичен библиозапис Да
944 ## - СЪЗДАВАНЕ И РЕДАКЦИЯ на ЗАПИСА
Създаване/Редакция Създаване
Дата на регистрацията/редакция 31.01.2015
Статус, дата на статуса 31.01.2015 - от С1,Р / 31.01.2015
Служител, извършил регистрацията/редакцията Камелия_Данева
944 ## - СЪЗДАВАНЕ И РЕДАКЦИЯ на ЗАПИСА
Създаване/Редакция Редакция
Дата на регистрацията/редакция 31.01.2015
Статус, дата на статуса 31.01.2015 - от С1,Р / 31.01.2015
999 ## - СИСТЕМНИ КОНТРОЛНИ НОМЕРА
Koha biblioitemnumber 163257
Наличности
Код за отписване Код за изгубен артикул Източник на класификационната схема Код за повреда Коз за рестрикции Код за отдаване Артикулен № Име на библиотеката - собственик Име на библиотеката, в която се намира в момента Статус (Текущо местоположение) Дата на вписване в системата Местоположение - отдел Цена в лева Инвентарен номер Систематично азбучна сигнатура Баркод Номер на екземпляра Цена в евро Служебна бележка Служебен тип на артикула Бележка за публиката
  Не е изгубен Universal Decimal Classification Не е повреден само за читалня ползва се в читалня 273421 Регионална библиотека "Любен Каравелов" Русе Регионална библиотека "Любен Каравелов" Русе Хранилище 1968-01-01 Хранилище 1.05 13728/68 Цб 47094 900000102375 1 0.54 N: стар фонд Дата: 01.01.1968 Книги  
Изтеглен Не е изгубен   Не е повреден без рестрикции заемане за дома 273422 Регионална библиотека "Любен Каравелов" Русе Регионална библиотека "Любен Каравелов" Русе Заемна - подръчен фонд 1968-01-01 Заемна - подръчен фонд 0.00 14112/68 П 581/В 12 14112/68 2 0.00 N: стар фонд Дата: 01.01.1968 Книги  
Изтеглен Не е изгубен   Не е повреден без рестрикции заемане за дома 273423 Регионална библиотека "Любен Каравелов" Русе Регионална библиотека "Любен Каравелов" Русе   1968-01-01 Детски отдел 1.05 14044/68 ДН 58/В 12 14044/68 3 0.54 N: стар фонд Дата: 01.01.1968 Дата инв: 01.10.2015 Бележки инв: Д2015 Книги Отч.N: 49/17 , Дата: 09.10.2017
Vip Innovations Ltd, Rousse, Bulgaria 2025